| 000 | 01802nam a2200481 a 4500 | ||
|---|---|---|---|
| 001 | 1416921874 | ||
| 003 | AUA.1 | ||
| 005 | 20260226134211.0 | ||
| 008 | 260226||||| ||| 000 0 und d | ||
| 020 | _a9780828028899 | ||
| 035 | _a(OCoLC)1416921874 | ||
| 040 |
_aCPU _beng _cCPU _dOCLCO _dJTL |
||
| 050 |
_aBV4438 _b .O46 2021 |
||
| 245 | 0 | 0 |
_aI will go with my family : _bfamily resilience / _c[edited by] Willie and Elaine Oliver. |
| 246 | 1 | 0 | _aFamily resilience. |
| 260 |
_aSilver Spring, MD. : _bReview and Herald, _cc2021. |
||
| 300 |
_a196 pages : _billustrations ; _c26 cm. |
||
| 500 | _a2022 Resource Book. | ||
| 504 | _aIncludes bibliographical references. | ||
| 650 | 0 |
_aChurch work with families _vHandbooks, manuals, etc. |
|
| 650 | 0 |
_aFamilies _xReligious life. |
|
| 700 | 1 |
_aOliver, Willie, _eeditor. |
|
| 700 | 1 |
_aOliver, Elaine, _eeditor. |
|
| 700 | 1 |
_aBaltazar, Alina _eContributor |
|
| 700 | 1 |
_aBauer, Stephen _eContributor |
|
| 700 | 1 |
_aWeakley, Katelyn Campbell _eContributor |
|
| 700 | 1 |
_aConsuegra, Claudio _eContributor |
|
| 700 | 1 |
_aConsuegra, Pamela _eContributor |
|
| 700 | 1 |
_aHolford, Karen _eContributor |
|
| 700 | 1 |
_aHorst, Tamyra _eContributor |
|
| 700 | 1 |
_aIannĂ², Roberto _eContributor |
|
| 700 | 1 |
_aJacobson-Venn, Dawn _eContributor |
|
| 700 | 1 |
_aKidder, S. Joseph _eContributor |
|
| 700 | 1 |
_aMbwana, Geoffrey _eContributor |
|
| 700 | 1 |
_aMelgosa, Julian _eContributor _950458 |
|
| 700 | 1 |
_aMiller, Jared _eContributor |
|
| 700 | 1 |
_aMiller, Katie _eContributor |
|
| 700 | 1 |
_aMuganda, Tanya _eContributor |
|
| 700 | 1 |
_aPena, Erick _eContributor |
|
| 700 | 1 |
_aSlikkers, Ingrid Weiss _eContributor |
|
| 710 | 2 |
_aGeneral Conference of Seventh-Day Adventists. _bFamily Ministries Department. |
|
| 942 |
_2lcc _cBOOK _hBV 4438 _i.O46 2021 |
||
| 999 |
_c25315 _d25315 |
||